| 000 | 00592 a2200217 4500 | ||
|---|---|---|---|
| 003 | 000 | ||
| 005 | 20250708101733.0 | ||
| 007 | xxv, 1161 p. : ill. ; 28 cm. | ||
| 020 | _a9780702051326 | ||
| 040 | _erda | ||
| 100 | _aDrake, Richard L., A. Wayne Vogl & Adam W. M. Mitchell | ||
| 245 | _a | ||
| 260 |
_aPhiladelphia _bElsevier _c2015 |
||
| 264 |
_aPhiladelphia _bElsevier _c2015 |
||
| 300 | _bxxv, 1161 p. : ill. ; 28 cm. | ||
| 336 | _2rdacontent | ||
| 338 | _2rdacarrier | ||
| 504 | _aIncludes Index | ||
| 600 | _2Human anatomy | ||
| 942 |
_2lcc _cBK _e3rd. ed. |
||
| 999 |
_c43601 _d43601 |
||